Central Library OPAC University of Rajshahi

Schaum's outline of theory and problems of linear algebra / (Record no. 51649)

MARC details
000 -LEADER
fixed length control field 00718nam a2200229 a 4500
001 - CONTROL NUMBER
control field 51649
003 - CONTROL NUMBER IDENTIFIER
rucl marc code BD-BjUL
005 - DATE AND TIME OF LATEST TRANSACTION
control field 20211209075708.0
008 - FIXED-LENGTH DATA ELEMENTS--GENERAL INFORMATION
fixed length control field 310816s1968 nyua 000 0 eng
035 ## - SYSTEM CONTROL NUMBER
System control number OCLC ocm00517501 from D970925M
-- (BD-BjUL)51769
040 ## - CATALOGING SOURCE
Original cataloging agency DLC
Transcribing agency DLC
Modifying agency BD-BjUL
Language of cataloging eng
041 ## - LANGUAGE CODE
Language code of text/sound track or separate title eng
082 ## - DEWEY DECIMAL CLASSIFICATION NUMBER
Classification number 512.897
Author mark and year SES 1968
100 1# - MAIN ENTRY--PERSONAL NAME
Personal name Lipschutz, Seymour.
9 (RLIN) 117581
245 10 - TITLE STATEMENT
Title Schaum's outline of theory and problems of linear algebra /
Statement of responsibility, etc. Seymour Lipschutz,
260 ## - PUBLICATION, DISTRIBUTION, ETC. (IMPRINT)
Place of publication, distribution, etc. New York :
Name of publisher, distributor, etc. McGraw-Hill,
Date of publication, distribution, etc. 1968
300 ## - PHYSICAL DESCRIPTION
Pagination 334 p.:
Illustrations illus.;
Size 28 cm.
490 0# - SERIES STATEMENT
Series statement Schaum's outline series
650 #0 - SUBJECT ADDED ENTRY--TOPICAL TERM
Topical term or geographic name as entry element Algebras, Linear
General subdivision Outlines, syllabi, etc.
9 (RLIN) 154394
942 ## - ADDED ENTRY ELEMENTS (KOHA)
Source of classification or shelving scheme Dewey Decimal Classification
Koha item type Books
Holdings
Lost status Source of classification or shelving scheme Damaged status Not for loan Collection code Permanent Location Current Location Shelving location Date acquired Source of acquisition Cost, normal purchase price Total Checkouts Full call number Date last seen Date checked out Copy number Koha item type
  Dewey Decimal Classification     Non-fiction Central Library, University of Rajshahi Central Library, University of Rajshahi   14/10/1969 Zeitlinger 37.00 2 512.897 SES 1968 01/11/2022 17/10/2022 C-2 Books
  Dewey Decimal Classification     Non-fiction Central Library, University of Rajshahi Central Library, University of Rajshahi   14/10/1969 Zeitlinger 37.00   512.897 SES 1968 01/09/2016   C-3 Books
  Dewey Decimal Classification     Non-fiction Central Library, University of Rajshahi Central Library, University of Rajshahi   14/10/1969 Zeitlinger 37.00 1 512.897 SES 1968 16/06/2022 02/06/2022 C-4 Books
  Dewey Decimal Classification   Not For Loan Non-fiction Central Library, University of Rajshahi Central Library, University of Rajshahi Reading Room 14/10/1969 Zeitlinger 37.00   512.897 SES 1968 20/09/2021   C-1 Books
  Dewey Decimal Classification     Non-fiction Central Library, University of Rajshahi Central Library, University of Rajshahi General Stacks   Aligarh library, Rajshahi 166.80   512.897 SES 1968 28/08/2025   C-5 Books